000 00800nam a2200253Ia 4500
003 OSt
005 20220928125441.0
006 a|||||r|||| 00| 0
007 ta
008 220927b |||||||| |||| 00| 0 eng d
020 _c8621.5499999999993
024 _a124550
037 _b098, 02/09/2014, Classic Book Service
_cTextual
040 _aSDCL
_cSDCL
_beng
041 _2eng
_aeng
082 _aV43'P, Q4
100 _aDimitrova Diana Ed.
_9452436
245 0 _aOther in South Asian religion,literature and film
_b Perspectives on otherism and otherness
260 _aLondon
_bRoutledge
_c2014
300 _axvii;162p.
_ccm.
650 _aHistory
942 _hV43'P, Q4
_cTEXL
_2CC
999 _c782315
_d782315